LEADER 01732nam 2200397Ka 450 001 9910696896403321 005 20080721142113.0 035 $a(CKB)5470000002381913 035 $a(OCoLC)234315041 035 $a(EXLCZ)995470000002381913 100 $a20080721d2004 ua 0 101 0 $aeng 181 $ctxt$2rdacontent 182 $cc$2rdamedia 183 $acr$2rdacarrier 200 10$aMountain pine beetle, blister rust, and their interaction on whitebark pine at Trout Lake and Fisher Peak in northern Idaho from 2001-2003$b[electronic resource] /$fJohn Schwandt and Sandra Kegley 210 1$aMissoula, MT :$cU.S. Dept. of Agriculture, Forest Service, Northern Region, Forest Health Protection,$d[2004] 215 $a6 pages $cdigital, PDF file 225 1 $aReport ;$v04-9 300 $aTitle from title screen (viewed on July 21, 2008). 300 $a"April 2004." 606 $aMountain pine beetle$zIdaho$zIdaho Panhandle National Forests Region 606 $aBlister rust$zIdaho$zIdaho Panhandle National Forests Region 606 $aWhitebark pine$xDiseases and pests$zIdaho$zIdaho Panhandle National Forests Region 615 0$aMountain pine beetle 615 0$aBlister rust 615 0$aWhitebark pine$xDiseases and pests 700 $aSchwandt$b John W$01389223 701 $aKegley$b Sandy$01389222 712 02$aUnited States.$bForest Service.$bNorthern Region.$bState & Private Forestry.$bForest Health Protection. 801 0$bGPO 801 1$bGPO 906 $aBOOK 912 $a9910696896403321 996 $aMountain pine beetle, blister rust, and their interaction on whitebark pine at Trout Lake and Fisher Peak in northern Idaho from 2001-2003$93440502 997 $aUNINA